zpět

Detail výsledku týmu

Duncan bar, Kladno

Datum a čas kvízu

18 Celkem bodů Celkový počet nahraných bodů na tomto kvízu bez doplňovacích otázek.
2. Pořadí na kvízu Konečné umístění týmu na tomto kvízu.

Zaznamenané odpovědi

# Otázka Odpověď Body Výsledky
1. Vedle kanceláře poslance SPD R... 1
2. Anglická motoristická žurnalis... 0
3. Česká televize v loňském roce... 0
4. Ministerstvo dopravy vybralo v... 0
5. Minulý týden se začala prodáva... 0
6. Vzpomeňme v tomto tématu na zř... 1
7. Vyberte pravdivé tvrzení o For... 1
8. Ze kterého Formanova filmu je... 1
9. „Ježíši Kriste, přechytračil j... 1
10. Pěknou vzpomínku na Formana na... 0